Una teoría para la educación: hacia una investigación educativa crítica
| Hoofdauteur: | |
|---|---|
| Formaat: | Boek |
| Taal: | Spaans |
| Gepubliceerd in: |
Madrid, España :
Ediciones Morata,
1999
|
| Editie: | 2 edición |
| Onderwerpen: |
MARC
| LEADER | 00000nam a2200000Ia 4500 | ||
|---|---|---|---|
| 008 | 150818b1999 sp ||||| |||| 00| | spa d | ||
| 020 | |a 8471124076 | ||
| 090 | |a 06.02.01 |b 439 | ||
| 100 | 1 | |a Carr, Wilfred |9 887 | |
| 245 | 1 | 4 | |a Una teoría para la educación: hacia una investigación educativa crítica |
| 250 | |a 2 edición | ||
| 260 | |a Madrid, España : |b Ediciones Morata, |c 1999 | ||
| 300 | |a 175 páginas | ||
| 650 | 1 | 4 | |a EDUCACIÓN |9 1 |
| 650 | 1 | 4 | |a FILOSOFÍA DE LA EDUCACIÓN |9 21 |
| 942 | |i 00771 |h 06.02.01 439 |2 z |c 01 | ||
| 999 | |c 222 |d 222 | ||
